Click an ABC Show (2000s) Quiz Stats

Quiz Updated Jun 29, 2017

Challenge
Share
Tweet
Score 0/20 Timer 04:00
2 Plays Today
% Correct
Dancing with the Stars
96.8%
Grey's Anatomy
96.2%
Jimmy Kimmel Live!
96.1%
Lost
95.8%
Desperate Housewives
93.6%
Ugly Betty
93.5%
The Bachelor
93.3%
Shark Tank
92.6%
The Middle
92.4%
Boston Legal
92.1%
% Correct
George Lopez
90.9%
According to Jim
89.2%
Cougar Town
88.9%
Modern Family
85.9%
Alias
81.2%
8 Simple Rules
78.7%
Pushing Daisies
78.7%
My Wife and Kids
75.6%
Brothers & Sisters
72%
Private Practice
71.8%

You're not logged in!

Compare scores with friends on all Sporcle quizzes.
Sign Up with Email
OR
Log In

You Might Also Like...

Show Comments

Extras

Top Quizzes Today


Score Distribution

Your Account Isn't Verified!

In order to create a playlist on Sporcle, you need to verify the email address you used during registration. Go to your Sporcle Settings to finish the process.